000 00363 a2200145 4500
001 158525
020 _a
040 _cMagnum
100 _aGraham-Campbell, James
240 1 0 _aGrandes imperios e civilizacoes: os viquingues - v.1
_lpor
245 1 0 _aGrandes imperios e civilizacoes: os viquingues - v.1
362 0 _a1899
697 _aCOLECAO
942 _cBK
999 _c158525
_d158525